Jugadores del Real Madrid que marcaron gol en la 23-24 - Estadísticas

Estadísticas generales
  • Esta prueba ha sido intentada 109 veces
  • La puntuación promedio es 7 de 16
Answers on the Grid
Answers color-coded by a green-red scale on the quiz's grid according to % correct below.
Rudiger
Carvajal
Nacho
Lucas Vázquez
Mendy
Fran García
Militao
Alaba
Bellingham
Valverde
Nico Paz
Modric
Camavinga
Ceballos
Mario Martín
Toni Kroos
Vinícius Jr
Rodrygo
Brahim Díaz
Arda Guler
Joselu
Gonzalo García
Álvaro Rodríguez
 
Estadísticas de respuestas
Respuesta % Correcto
Carvajal
80%
Rudiger
73%
Bellingham
54%
Vinícius Jr
53%
Modric
51%
Joselu
49%
Rodrygo
49%
Valverde
49%
Lucas Vázquez
41%
Brahim Díaz
39%
Toni Kroos
39%
Arda Guler
34%
Nico Paz
25%
Ceballos
15%
Mendy
12%
Fran García
7%
No se encontraron pruebas coincidentes
Distribución de puntuación
Porcentaje de gente con cada puntuación
Porcentaje por número respondido
Historial de tus puntuaciones
No has intentado esta prueba.